| 000 | 00807nam a2200277 4500 | ||
|---|---|---|---|
| 003 | OSt | ||
| 005 | 20260601171008.0 | ||
| 008 | 260430t1997\\\\gera||||\||||\00|\0\eng\d | ||
| 020 | _a9783770142903 | ||
| 020 | _a377014290X | ||
| 040 |
_aICI _bspa _cICI |
||
| 041 | _aeng | ||
| 050 |
_aTS73 _bZ43 |
||
| 100 | 1 |
_aZec, Peter, _eautor _929204 |
|
| 245 | 1 |
_aGerman design standards / _cPeter Zec |
|
| 264 |
_aKöln : _bDumont, _c1997 |
||
| 300 |
_a351 páginas : _bilustraciones |
||
| 336 |
_atexto _2rdacontent |
||
| 337 |
_asin medio _2rdamedia |
||
| 338 |
_avolumen _2rdacarrier |
||
| 500 | _aTexto paralelo en alemán e inglés | ||
| 650 | 1 |
_2Diseño industrial _zAlemania _932676 |
|
| 650 | 2 |
_aDiseño de productos _zAlemania _932677 |
|
| 650 | 2 |
_aMarcas de fábrica _zAlemania _932678 |
|
| 942 |
_2lcc _cB |
||
| 999 |
_c20388 _d20388 |
||